Brazil All-Time Greatest XI - Statistics

General Stats
  • This quiz has been taken 617 times
  • The average score is 5 of 11
Answer Stats
Answer % Correct
Pelé
97%
Ronaldo
95%
Ronaldinho
84%
Garrincha
72%
Zico
71%
Didi
29%
Djalma Santos
21%
Falcão
21%
Gilmar
19%
Nílton Santos
17%
Domingos da Guia
6%
No matching quizzes found
Score Distribution
Percent of People with Each Score
Percentile by Number Answered
Your Score History
You have not taken this quiz